| 000 | 00627nam a22002177a 4500 | ||
|---|---|---|---|
| 003 | dpl | ||
| 005 | 20180911151421.0 | ||
| 008 | 180911b xxu||||| |||| 00| 0 eng d | ||
| 010 | _aA-948899 | ||
| 020 | _c0.00 | ||
| 035 | _aA-948899 | ||
| 040 |
_aDPL _bEN _c0 |
||
| 082 |
_a796.03 _bGHO |
||
| 100 | _aGhosh, Chandan | ||
| 245 |
_aHinduja foundation encyclopaedia of sports and games / _cby Chandan Ghosh |
||
| 260 |
_aDelhi _bKonark publishers pvt ltd _c1997 |
||
| 270 |
_aA-149, main vikas marg _bDelhi _e110092 |
||
| 300 |
_a458p.: _c22cm |
||
| 500 | _aInclude Index | ||
| 942 |
_2ddc _cEN _h796.03 _mGHO |
||
| 999 |
_c157359 _d157359 |
||